Emprendimiento y creatividad : (Record no. 218733)
[ view plain ]
| 000 -CABECERA | |
|---|---|
| campo de control de longitud fija | 01416nam a2200373 a 4500 |
| 003 - IDENTIFICADOR DEL NÚMERO DE CONTROL | |
| campo de control | CHAP |
| 005 - FECHA Y HORA DE LA ÚLTIMA TRANSACCIÓN | |
| campo de control | 20230512132044.0 |
| 007 - CAMPO FIJO DE DESCRIPCIÓN FÍSICA--INFORMACIÓN GENERAL | |
| campo de control de longitud fija | ta |
| 008 - DATOS DE LONGITUD FIJA--INFORMACIÓN GENERAL | |
| campo de control de longitud fija | 230512s2017 ck |||fr|||| 001 0 spa d |
| 020 ## - NÚMERO INTERNACIONAL ESTÁNDAR DEL LIBRO | |
| Número Internacional Estándar del Libro | 978-958-771-502-6 |
| 040 ## - FUENTE DE LA CATALOGACIÓN | |
| Centro catalogador/agencia de origen | mxchpua |
| Centro/agencia transcriptor | CHAP |
| Normas de descripción | rda |
| 050 10 - SIGNATURA TOPOGRÁFICA DE LA BIBLIOTECA DEL CONGRESO | |
| Número de clasificación | HD53 |
| Número de documento/Ítem | .P37 2017 |
| 082 00 - NÚMERO DE LA CLASIFICACIÓN DECIMAL DEWEY | |
| Número de clasificación | 658.1141 |
| Número de documento/Ítem | P37 2017 |
| Número de edición | 23 |
| 100 1# - ENTRADA PRINCIPAL--NOMBRE DE PERSONA | |
| 9 (RLIN) | 186978 |
| Nombre de persona | Parra Alviz, Mercedes |
| Término indicativo de función/relación | autora |
| 245 10 - MENCIÓN DE TÍTULO | |
| Título | Emprendimiento y creatividad : |
| Resto del título | aspectos esenciales para crear empresa / |
| Mención de responsabilidad, etc. | Mercedes Parra Alviz, Germán Rubio Guerrero y Laura Marcela López Posada |
| 250 ## - MENCIÓN DE EDICIÓN | |
| Mención de edición | 1a edición |
| 264 ## - PRODUCCIÓN, PUBLICACIÓN, DISTRIBUCIÓN, FABRICACIÓN Y COPYRIGHT | |
| Producción, publicación, distribución, fabricación y copyright | Bogotá, Colombia : |
| Nombre del de productor, editor, distribuidor, fabricante | ECOE Ediciones, |
| Fecha de producción, publicación, distribución, fabricación o copyright | 2017 |
| 300 ## - DESCRIPCIÓN FÍSICA | |
| Extensión | xvi, 183 páginas : |
| Otras características físicas | tablas |
| 336 ## - TIPO DE CONTENIDO | |
| Fuente | rdacontent |
| Término de tipo de contenido | texto |
| Código de tipo de contenido | txt |
| 337 ## - TIPO DE MEDIO | |
| Fuente | rdamedia |
| Nombre/término del tipo de medio | sin medio |
| Código del tipo de medio | n |
| 338 ## - TIPO DE SOPORTE | |
| Fuente | rdacarrier |
| Nombre/término del tipo de soporte | volumen |
| Código del tipo de soporte | nc |
| 490 1# - MENCIÓN DE SERIE | |
| Mención de serie | Ciencias empresariales. Emprendimiento y liderazgo (ECOE Ediciones) |
| 504 ## - NOTA DE BIBLIOGRAFÍA, ETC. | |
| Nota de bibliografía, etc. | Bibliografía: páginas 175-183 |
| 650 13 - PUNTO DE ACCESO ADICIONAL DE MATERIA--TÉRMINO DE MATERIA | |
| 9 (RLIN) | 148031 |
| Término de materia o nombre geográfico como elemento de entrada | Iniciativa empresarial |
| 650 13 - PUNTO DE ACCESO ADICIONAL DE MATERIA--TÉRMINO DE MATERIA | |
| 9 (RLIN) | 148852 |
| Término de materia o nombre geográfico como elemento de entrada | Gestión administrativa |
| 650 13 - PUNTO DE ACCESO ADICIONAL DE MATERIA--TÉRMINO DE MATERIA | |
| 9 (RLIN) | 148164 |
| Término de materia o nombre geográfico como elemento de entrada | Mercadotecnia |
| 650 13 - PUNTO DE ACCESO ADICIONAL DE MATERIA--TÉRMINO DE MATERIA | |
| 9 (RLIN) | 148030 |
| Término de materia o nombre geográfico como elemento de entrada | Entrepreneurship |
| 650 13 - PUNTO DE ACCESO ADICIONAL DE MATERIA--TÉRMINO DE MATERIA | |
| 9 (RLIN) | 148850 |
| Término de materia o nombre geográfico como elemento de entrada | Administrative management |
| 650 13 - PUNTO DE ACCESO ADICIONAL DE MATERIA--TÉRMINO DE MATERIA | |
| 9 (RLIN) | 148134 |
| Término de materia o nombre geográfico como elemento de entrada | Marketing |
| 700 1# - PUNTO DE ACCESO ADICIONAL--NOMBRE DE PERSONA | |
| 9 (RLIN) | 187001 |
| Nombre de persona | Rubio Guerrero, Germán |
| Término indicativo de función/relación | autor |
| 700 1# - PUNTO DE ACCESO ADICIONAL--NOMBRE DE PERSONA | |
| 9 (RLIN) | 187002 |
| Nombre de persona | López Posada, Laura Marcela |
| Término indicativo de función/relación | autora |
| 830 #0 - PUNTO DE ACCESO ADICIONAL DE SERIE-TÍTULO UNIFORME | |
| 9 (RLIN) | 186987 |
| Título uniforme | Ciencias empresariales. Emprendimiento y liderazgo (ECOE Ediciones) |
| 942 ## - ELEMENTOS DE PUNTO DE ACCESO ADICIONAL (KOHA) | |
| Fuente del sistema de clasificación o colocación | Dewey Decimal Classification |
| Tipo de ítem Koha | |
| Estado de retiro | Estado de pérdida | Fuente del sistema de clasificación o colocación | Estado dañado | Restricciones de uso | No para préstamo | Código de colección | Localización permanente | Ubicación/localización actual | Fecha de adquisición | Fuente de adquisición | Número de inventario | Total de préstamos | Signatura topográfica completa | Código de barras | Fecha visto por última vez | Número de copia | Precio válido a partir de | Tipo de ítem Koha | Fecha del último préstamo |
|---|---|---|---|---|---|---|---|---|---|---|---|---|---|---|---|---|---|---|---|
| Dewey Decimal Classification | Préstamo interno | General | Ingenieria Agroindustrial | Ingenieria Agroindustrial | 13/11/2018 | Compra ECOE Ediciones F.1482 | Consumo | 658.1141 P37 2017 | 1102014752 | 12/05/2023 | Ej. 1 | 12/05/2023 | Libro | ||||||
| Dewey Decimal Classification | Préstamo 5 días | General | Ingenieria Agroindustrial | Ingenieria Agroindustrial | 13/11/2018 | Compra ECOE Ediciones F.1482 | Consumo | 1 | 658.1141 P37 2017 | 1102014753 | 31/05/2023 | Ej. 2 | 12/05/2023 | Libro | 31/05/2023 | ||||
| Dewey Decimal Classification | Préstamo 5 días | General | Ingenieria Agroindustrial | Ingenieria Agroindustrial | 13/11/2018 | Compra ECOE Ediciones F.1482 | Consumo | 1 | 658.1141 P37 2017 | 1102014754 | 31/05/2023 | Ej. 3 | 12/05/2023 | Libro | 31/05/2023 | ||||
| Dewey Decimal Classification | Préstamo 5 días | General | Ingenieria Agroindustrial | Ingenieria Agroindustrial | 13/11/2018 | Compra ECOE Ediciones F.1482 | Consumo | 2 | 658.1141 P37 2017 | 1102014755 | 13/08/2024 | Ej. 4 | 12/05/2023 | Libro | 13/08/2024 | ||||
| Dewey Decimal Classification | Préstamo 5 días | General | Ingenieria Agroindustrial | Ingenieria Agroindustrial | 13/11/2018 | Compra ECOE Ediciones F.1482 | Consumo | 2 | 658.1141 P37 2017 | 1102014756 | 25/02/2026 | Ej. 5 | 12/05/2023 | Libro | 20/02/2026 |
